01690nam a2200397 a 4500001001200000003000800012006001900020007001500039008004100054010001700095020003600112020003500148040002100183035002100204043002100225050002400246082002100270100002200291245009000313260005600403300003100459500008300490504006400573505013800637533015200775650002100927650003500948650002900983650002101012651003701033651003301070655002901103710001701132856012601149999001701275ebr10340761CaPaEBRm u cr cn|||||||||020412s2003 msuab sb s001 0 eng  z 2002005652 z1578065224 (cloth : alk. paper) z1578065232 (pbk. : alk. paper) aCaPaEBRcCaPaEBR a(OCoLC)468776543 an-us---an-us-la14aE184.A2bB47 2003eb04a305.84/107632211 aBernard, Shane K.14aThe Cajunsh[electronic resource] :bAmericanization of a people /cShane K. Bernard. aJackson :bUniversity Press of Mississippi,cc2003. axxiv, 196 p. :bill., map. aEnlargement of author's thesis (Ph. D.)--University of Louisiana at Lafayette. aIncludes bibliographical references (p. 151-182) and index.0 aCajuns during wartime -- Atomic-age Cajuns -- Cajuns and the 1960s -- From coonass to Cajun power -- Exploitation and revitalization. aElectronic reproduction.bPalo Alto, Calif. :cebrary,d2013.nAvailable via World Wide Web.nAccess may be limited to ebrary affiliated libraries. 0aCajunsxHistory. 0aCajunsxCultural assimilation. 0aCajunsxEthnic identity. 0aAmericanization. 0aUnited StatesxEthnic relations. 0aLouisianaxEthnic relations. 7aElectronic books.2local2 aebrary, Inc.40uhttp://site.ebrary.com/lib/rucke/Doc?id=10340761zAn electronic book accessible through the World Wide Web; click to view c46863d46863